| 000 | 00877nam a2200229 a 4500 | ||
|---|---|---|---|
| 005 | 20240416064021.0 | ||
| 008 | 130927s2012 mx r 000 0 spa d | ||
| 020 | _a9786077675358 | ||
| 035 | _aUPN01000193179 | ||
| 049 | _aC | ||
| 050 | 4 |
_aLB2846 _bP3.6 2010 |
|
| 245 | 0 | 0 |
_aPanorama educativo de México 2010 : _bindicadores del sistema educativo nacional : educación básica y media superior / _ccoord. Héctor V. Robles Vázquez. |
| 260 |
_aMéxico : _bINEE, _c2012. |
||
| 300 |
_a410 p. : _bgráfs., cuadros + _e1 CD-ROM ; 4 3/4 plg. |
||
| 500 | _aEl CD-ROM solicítalo en el Mostrador de Préstamo | ||
| 650 | 2 |
_aIndicadores educativos _zMéxico _910099 |
|
| 650 | 4 |
_aEvaluación educativa _zMéxico _95996 |
|
| 650 | 4 |
_aEducación _zMéxico _vEstadística _97313 |
|
| 700 | 1 |
_aRobles Vásquez, Héctor Virgilio _ecoord. _940884 |
|
| 905 | _aLibro | ||
| 999 |
_c165280 _d165280 |
||